|
|
|
|
| LEADER |
01246nam a2200337 a 4500 |
| 001 |
2415049 |
| 008 |
090712s2000 enk b 001 0 eng d |
| 010 |
|
|
|a 86198631
|
| 020 |
|
|
|a 0140285377
|
| 020 |
|
|
|a 0140225846
|
| 040 |
|
|
|a DLC
|c DLC
|d DLC
|
| 082 |
0 |
0 |
|a 821/.009
|2 19
|
| 100 |
1 |
|
|a Roberts, Philip,
|d 1938-
|
| 245 |
1 |
0 |
|a How poetry works /
|c Philip Davies Roberts.
|
| 260 |
|
|
|a Harmondsworth, Middlesex, England ;
|a New York, New York, U.S.A. :
|b Penguin Books,
|c 2000.
|
| 250 |
|
|
|a 2nd ed.
|
| 300 |
|
|
|a 308 p. ;
|c 20 cm.
|
| 490 |
1 |
|
|a A Pelican book
|
| 500 |
|
|
|a "A Penguin original"--Label on cover.
|
| 504 |
|
|
|a Includes Bibliography (p. 292-296.) and index.
|
| 541 |
1 |
|
|e 00016558
|
| 650 |
|
0 |
|a English poetry
|x History and criticism.
|
| 650 |
|
0 |
|a English language
|x Versification.
|
| 650 |
|
0 |
|a English poetry
|x Appreciation.
|
| 650 |
|
0 |
|a American poetry
|x History and criticism.
|
| 650 |
|
0 |
|a American poetry
|x Appreciation.
|
| 650 |
|
0 |
|a English poetry.
|
| 650 |
|
0 |
|a American poetry.
|
| 852 |
4 |
|
|a Ayesha Abed Library
|j General shelf
|
| 999 |
|
|
|c 2299
|d 2299
|
| 952 |
|
|
|0 0
|1 0
|2 ddc
|4 0
|6 821_009000000000000_ROB
|7 0
|9 2123
|a BRACUL
|b BRACUL
|c GEN
|d 2009-07-12
|l 12
|m 42
|o 821.009 ROB
|p 3010016558
|r 2025-09-21
|s 2025-06-24
|t 1
|w 2009-07-12
|y BK
|